[Event "Wch U18 Girls"]
[Site "Caldas Novas"]
[Date "2011.11.23"]
[Round "6"]
[White "Abdullayeva, Hayala"]
[Black "Quino, Khssa"]
[Result "1-0"]
[WhiteElo "2216"]
[BlackElo "1881"]
[PlyCount "61"]
[EventDate "2011.11.18"]
[EventType "swiss"]
[EventRounds "9"]
[EventCountry "BRA"]
[SourceTitle "EXT 2013"]
[Source "ChessBase"]
[SourceDate "2012.11.22"]
[SourceVersion "1"]
[SourceVersionDate "2012.11.22"]
[SourceQuality "1"]

1. e4 e5 2. Nf3 Nc6 3. Bb5 Nd4 4. Nxd4 exd4 5. 0-0 Bc5 6. d3 c6 7. Bc4 d6 8. f4 Ne7 9. f5 d5 10. Bb3 Qc7 11. f6 gxf6 12. Rxf6 Qe5 13. Rf1 Be6 14. Bf4 Qg7 15. exd5 Bxd5 16. Bxd5 Nxd5 17. Qe2+ Kd7 18. Qh5 Rae8 19. Nd2 Rhg8 20. Bg3 f6 21. Ne4 Be7 22. c3 Ne3 23. Rf3 Qg6 24. Qa5 Nd5 25. Qxa7 Rc8 26. c4 Nc7 27. Qxd4+ Ke6 28. Nxf6 Bxf6 29. Qd6+ Kf7 30. Qd7+ Kf8 31. Bd6# 1-0